Les pays du monde ayant le plus de métros - Statistiques

Statistiques générales
  • Ce quiz a été pris 1 813 fois
    1 076 depuis la dernière actualisation
  • Le résultat moyen est 10 sur 13
Statistiques - réponses
Nombre de métros Kilomètres de rails Pays % Correct
6 398 France
100%
16 1 389 Etats-Unis
99%
54 10 274 Chine
96%
15 816 Japon
92%
446 Royaume-Uni
92%
7 664 Russie
90%
467 Espagne
89%
17 945 Inde
83%
7 Italie
82%
8 Brésil
79%
6 754 Corée du Sud
68%
391 Turquie
41%
6 Iran
18%
Aucun quiz correspondant
Distribution des résultats
% des personnes avec chaque résultat
Percentile par nombre de réponses
Votre historique - résultats
Vous n’avez pas pris ce quiz depuis la dernière actualisation